| 000 | 00765nam a2200193 i 4500 | ||
|---|---|---|---|
| 001 | 125920 | ||
| 003 | ES-MaACL | ||
| 005 | 20230906192724.0 | ||
| 008 | 070214s1979 sp l |||| | spa d | ||
| 245 | 0 | 0 | _aReglamentos de la Ley del Suelo. |
| 260 |
_aMadrid : _bAbella, _c1979. |
||
| 300 |
_a2 v. ; _c21 cm. |
||
| 505 | 8 | _a1. Reglamento de disciplina urbanística / con la colaboración de Juan Arroyo García - 2. Reglamento de planeamiento urbanístico / con la colaboración de Francisco Chorot Nogales, Francisco Lliset Borrell | |
| 650 |
_aDerecho urbanístico- _zEspaña. _9145987 |
||
| 700 | 1 |
_aArroyo García, Juan. _923372 |
|
| 700 | 1 |
_aChorot Nogales, Francisco. _938623 |
|
| 700 | 1 |
_aLliset Borrell, Francisco. _972791 |
|
| 852 |
_aES-MaACL _jF-2829-30 |
||
| 999 |
_c125920 _d125920 |
||